Guess the correct Benson Boone song title - Statistics

General Stats
  • This quiz has been taken 165 times
  • The average score is 13 of 15
Answer Stats
Question Answer % Correct
Guess the correct song title There She Goes
97%
Guess the correct song title Room for two
96%
Guess the correct song title Coffee Cake
95%
Guess the correct song title Ghost Town
95%
Guess the correct song title In the stars
95%
Guess the correct song title Sugar Sweet
95%
Guess the correct song title Friend
93%
Guess the correct song title Nights like these
93%
Guess the correct song title To Love Someone
89%
Guess the correct song title Love of Mine
87%
Guess the correct song title Death Wish Love
84%
Guess the correct song title Empty Heart Shaped Box
83%
Guess the correct song title My Greatest Fear
83%
Guess the correct song title Little Runaway
81%
Guess the correct song title What do you want
76%
No matching quizzes found
Score Distribution
Percent of People with Each Score
Percentile by Number Answered
Your Score History
You have not taken this quiz